000 00521nam a2200193Ia 4500
003 OSt
005 20250716091554.0
008 210210b1993 xxu||||| |||| 00| 0 eng d
040 _cAL
041 _aKannada
082 _aK894.1 SHAK
100 _aSHARADA R RAO.
_dಶಾರದಾ ಆರ್ ರಾವ್
_9218864
245 _aKavya guchha.
_bಕಾವ್ಯ ಗುಚ್ಛ.
260 _aDharmasthala
_bSanchaya
_c1993
300 _av,76
690 _aKannada Poetry
_9218865
906 _a052083
942 _2ddc
_cBK
999 _c100317
_d100317